Los Compromisos de gestión en salud de Costa Rica con una perspectiva comparativa / Ana Sojo Martínez

En este artículo se analiza la reciente constitución de cuasimercados en la salud pública de Costa Rica, promovida mediante la separación interna de las funciones de recaudación, financiamiento, compra y provisión de servicios en la Caja Costarricense de Seguro Social el establecimiento de un nuevo...

詳細記述

保存先:
書誌詳細
第一著者: Sojo Martínez, Ana
フォーマット: テキスト
主題:
タグ: タグ追加
タグなし, このレコードへの初めてのタグを付けませんか!

MARC

LEADER 00000 a a2200000 04500
001 15916
003
040
100 |a Sojo Martínez, Ana  
245 |a Los Compromisos de gestión en salud de Costa Rica con una perspectiva comparativa /  |b Ana Sojo Martínez 
520 |a En este artículo se analiza la reciente constitución de cuasimercados en la salud pública de Costa Rica, promovida mediante la separación interna de las funciones de recaudación, financiamiento, compra y provisión de servicios en la Caja Costarricense de Seguro Social   |a el establecimiento de un nuevo modelo de financiamiento, y la introducción de compromisos de gestión de hospitales y áreas de salud como instrumento clave para asignar y transferir recursos en función del rendimiento y cumplimiento de metas. Se examinan el contexto y el fundamento de la reforma de la gestión y se exponen tanto el nuevo modelo de financiamiento como los alcances institucionales y organizativos que acarrean los contratos de 1997. REV//jmml  
650 |a CAJA COSTARRICENSE DE SEGURO SOCIAL, CR  
650 |a REFORMAS ADMINISTRATIVAS  
650 |a ESTADO  
650 |a POLITICA DE SALUD  
650 |a DESCENTRALIZACION  
650 |a SALUD PUBLICA  
650 |a CORRUPCION  
650 |a HOSPITALES  
650 |a ADMINISTRACION DE LA SALUD  
650 |a PLANIFICACION DE LA SALUD  
773 |g número 66; páginas 73-103  
999 |c 27834  |d 27834